000 01008cad a22002055a 4500
001 L150745
008 100831s20100831xxk f 000 0 eng d
035 _a(Sirsi) u150745
041 0 _aeng
050 0 4 _a333.33 $2 18
110 2 _aLloyds Banking Group
_95822
245 0 0 _aHalifax house price index
_bJuly 2010
_h[electronic resource]
260 _aLondon
_bLloydsbankinggroup
_c2010
520 _aUnited Kingdom house prices increased by 0.6% in July 2010 reversing the June fall. House prices in July 2010 4.93% higher than in July 2009. The mixed patten of monthly rises and falls over the first seven months of 2010 is consistent with a slowing market. Housing market activity is broadly stable.
590 _aKA
651 4 _aUnited Kingdom
_y
690 _aPROPERTY-RESIDENTIAL PROPERTY-RESIDENTIAL PROPERTY MARKET
856 4 8 _uhttps://www.lloydsbankinggroup.com/media/pdfs/research/2010/HousePriceIndexJuly2010.pdf
_zView this item free of charge at www.lloydsbankinggroup.com
942 _n0
999 _c110967
_d110967